000
00332nam a22001457a 4500
041
_a
eng
080
_a
81.2
090
_b
ФИШ
100
_a
Фишкис М. И.
245
_a
Lion at Large (after Richard Parker)
260
_a
Москва
_b
Просвещение
_c
1972
300
_a
95
650
_a
Reading
999
_c
279815
_d
279815
942
_c
BK